| 000 | 00676nam a2200265Ia 4500 | ||
|---|---|---|---|
| 008 | 171025s9999 xx 000 0 und d | ||
| 020 | _a9780230714854 | ||
| 050 | _a956.7 | ||
| 050 | _bJ11 2009 | ||
| 100 | _aJaber, Hala | ||
| 245 | 4 | _aThe flying carpet to Baghdad : | |
| 245 | _bone woman's fight for two orphans of war / | ||
| 245 | _cby Hala Jaber. | ||
| 260 | _aLondon : | ||
| 260 | _bMacmillan, | ||
| 260 | _c2009 | ||
| 300 | _a295 pages : | ||
| 300 | _billustrations ; | ||
| 300 | _c22cm. | ||
| 650 | _aIraq War, 2003-2011 -- | ||
| 650 | _aOrphans -- | ||
| 650 | _xIraq -- Baghadad. | ||
| 650 | _xPersonal narratives, British. | ||
| 700 | _aTitle. | ||
| 999 |
_c344820 _d344820 |
||